<?xml version="1.0" encoding="UTF-8"?>
<record
    xmlns:xsi="http://www.w3.org/2001/XMLSchema-instance"
    xsi:schemaLocation="http://www.loc.gov/MARC21/slim http://www.loc.gov/standards/marcxml/schema/MARC21slim.xsd"
    xmlns="http://www.loc.gov/MARC21/slim">

  <leader>01404nam a22002897a 4500</leader>
  <controlfield tag="001">1444</controlfield>
  <controlfield tag="005">20251013151847.0</controlfield>
  <datafield tag="020" ind1=" " ind2=" ">
    <subfield code="a">9789995054236</subfield>
  </datafield>
  <datafield tag="040" ind1=" " ind2=" ">
    <subfield code="a">FISKH </subfield>
    <subfield code="b">eng</subfield>
    <subfield code="c">FISKH </subfield>
    <subfield code="d">FISKH </subfield>
  </datafield>
  <datafield tag="082" ind1=" " ind2=" ">
    <subfield code="a">635.642</subfield>
  </datafield>
  <datafield tag="100" ind1=" " ind2=" ">
    <subfield code="a">Chantha, Yaem </subfield>
  </datafield>
  <datafield tag="245" ind1=" " ind2=" ">
    <subfield code="a">&#x1780;&#x17B6;&#x179A;&#x178A;&#x17B6;&#x17C6;&#x1794;&#x17C9;&#x17C1;&#x1784;&#x1794;&#x17C9;&#x17C4;&#x17C7; / </subfield>
  </datafield>
  <datafield tag="250" ind1=" " ind2=" ">
    <subfield code="a">&#x1794;&#x17C4;&#x17C7;&#x1796;&#x17BB;&#x1798;&#x17D2;&#x1796;&#x179B;&#x17BE;&#x1780;&#x1791;&#x17B8; &#x17E6; &#x1786;&#x17D2;&#x1793;&#x17B6;&#x17C6; &#x17E2;&#x17E0;&#x17E2;&#x17E1;&#x200B; </subfield>
  </datafield>
  <datafield tag="260" ind1=" " ind2=" ">
    <subfield code="a">Phnom Penh : </subfield>
    <subfield code="b">Sipar, </subfield>
    <subfield code="c">2021.</subfield>
  </datafield>
  <datafield tag="300" ind1=" " ind2=" ">
    <subfield code="a">40 pages : </subfield>
    <subfield code="b">color illustrations ; </subfield>
    <subfield code="c">28 cm </subfield>
  </datafield>
  <datafield tag="490" ind1=" " ind2=" ">
    <subfield code="a">&#x1794;&#x17C6;&#x178E;&#x17B7;&#x1793;&#x1787;&#x17B8;&#x179C;&#x17B7;&#x178F; </subfield>
  </datafield>
  <datafield tag="505" ind1=" " ind2=" ">
    <subfield code="a">Z' 
</subfield>
  </datafield>
  <datafield tag="520" ind1=" " ind2=" ">
    <subfield code="a">&#x1794;&#x1784;&#x17D2;&#x17A0;&#x17B6;&#x1789;&#x1796;&#x17B8;&#x179A;&#x1794;&#x17C0;&#x1794;&#x179A;&#x17C0;&#x1794;&#x1785;&#x17C6;&#x178A;&#x17B8; &#x1780;&#x17B6;&#x179A;&#x178A;&#x17B6;&#x17C6; &#x1780;&#x17B6;&#x179A;&#x1790;&#x17C2;&#x1791;&#x17B6;&#x17C6;&#x178A;&#x17BE;&#x1798;&#x1794;&#x17C9;&#x17C1;&#x1784;&#x1794;&#x17C9;&#x17C4;&#x17C7; &#x1780;&#x17B6;&#x179A;&#x179A;&#x1780;&#x17D2;&#x179F;&#x17B6;&#x1791;&#x17BB;&#x1780;&#x1782;&#x17D2;&#x179A;&#x17B6;&#x1794;&#x17CB;&#x1796;&#x17BC;&#x1787; &#x1793;&#x17B7;&#x1784;&#x1798;&#x17B6;&#x1793;&#x179C;&#x17B7;&#x1792;&#x17B8; &#x1792;&#x17D2;&#x179C;&#x17BE;&#x1798;&#x17D2;&#x17A0;&#x17BC;&#x1794;&#x179F;&#x17B6;&#x1798;&#x1789;&#x17D2;&#x1789;&#x17D7; &#x179F;&#x1798;&#x17D2;&#x179A;&#x17B6;&#x1794;&#x17CB;&#x1794;&#x179A;&#x17B7;&#x1797;&#x17C4;&#x1782; &#x1780;&#x17D2;&#x1793;&#x17BB;&#x1784;&#x1782;&#x17D2;&#x179A;&#x17BD;&#x179F;&#x17B6;&#x179A;&#x17D4; </subfield>
  </datafield>
  <datafield tag="520" ind1=" " ind2=" ">
    <subfield code="a">Demonstrate how to prepare the soil, plant, take care for tomato plants, store seeds and have simple cooking methods for family consumption.</subfield>
  </datafield>
  <datafield tag="521" ind1=" " ind2=" ">
    <subfield code="a">1120 

</subfield>
    <subfield code="b">Lexile estimate 
</subfield>
  </datafield>
  <datafield tag="521" ind1=" " ind2=" ">
    <subfield code="a">Z' 
</subfield>
    <subfield code="b">Raz-Plus 
</subfield>
  </datafield>
  <datafield tag="650" ind1=" " ind2=" ">
    <subfield code="a">&#x1794;&#x17C9;&#x17C1;&#x1784;&#x1794;&#x17C9;&#x17C4;&#x17C7; </subfield>
    <subfield code="v">&#x1790;&#x17C2;&#x1791;&#x17B6;&#x17C6; </subfield>
    <subfield code="x">&#x1785;&#x17C6;&#x17A2;&#x17B7;&#x1793; </subfield>
  </datafield>
  <datafield tag="650" ind1=" " ind2=" ">
    <subfield code="a">Tomato </subfield>
    <subfield code="v">Take care </subfield>
    <subfield code="x">Cook </subfield>
  </datafield>
  <datafield tag="700" ind1=" " ind2=" ">
    <subfield code="a">Sophal, Bot </subfield>
    <subfield code="c">Author </subfield>
  </datafield>
  <datafield tag="700" ind1=" " ind2=" ">
    <subfield code="a">Sophaleap, Nhoek </subfield>
    <subfield code="c">illustrator </subfield>
  </datafield>
  <datafield tag="942" ind1=" " ind2=" ">
    <subfield code="2">ddc</subfield>
    <subfield code="c">BK</subfield>
    <subfield code="n">0</subfield>
  </datafield>
  <datafield tag="999" ind1=" " ind2=" ">
    <subfield code="c">1444</subfield>
    <subfield code="d">1444</subfield>
  </datafield>
  <datafield tag="952" ind1=" " ind2=" ">
    <subfield code="0">0</subfield>
    <subfield code="1">0</subfield>
    <subfield code="2">ddc</subfield>
    <subfield code="4">0</subfield>
    <subfield code="7">0</subfield>
    <subfield code="8">KH</subfield>
    <subfield code="a">001</subfield>
    <subfield code="b">001</subfield>
    <subfield code="c">RHTK2</subfield>
    <subfield code="d">2023-08-25</subfield>
    <subfield code="l">0</subfield>
    <subfield code="o">CHA 635.642</subfield>
    <subfield code="p">2023-0362</subfield>
    <subfield code="r">2023-08-25 10:16:04</subfield>
    <subfield code="t">1</subfield>
    <subfield code="w">2023-08-25</subfield>
    <subfield code="y">BK</subfield>
  </datafield>
  <datafield tag="952" ind1=" " ind2=" ">
    <subfield code="0">0</subfield>
    <subfield code="1">0</subfield>
    <subfield code="2">ddc</subfield>
    <subfield code="4">0</subfield>
    <subfield code="7">0</subfield>
    <subfield code="8">KH</subfield>
    <subfield code="a">002</subfield>
    <subfield code="b">002</subfield>
    <subfield code="c">SKB</subfield>
    <subfield code="d">2023-08-25</subfield>
    <subfield code="l">0</subfield>
    <subfield code="o">CHA 635.642</subfield>
    <subfield code="p">2023-0363</subfield>
    <subfield code="r">2023-08-25 10:16:14</subfield>
    <subfield code="t">2</subfield>
    <subfield code="w">2023-08-25</subfield>
    <subfield code="y">BK</subfield>
  </datafield>
</record>
